000 01733nam a22003017a 4500
005 20110608103154.0
010 _aENG-102704 B-445387-391
020 _a9788190710428
_c195.00
035 _aEN-86237 B-445387-391
037 _bDBAD / PUB
037 _bAllied Pub/Ven
082 _a670
100 _aSawhney, G.S.
_943824
245 _aFundamentals of manufacturing processes /
_cby G.S. Sawhney
260 _aNew Delhi
_bAcme Learning
_c2009
270 _a2/8, Ansari Road, Daryaganj
_bNew Delhi
_e110002
300 _a279 p. :
_c24cm (pbk)
_bill
500 _aIncludes index
700 _928520
942 _2ddc
_cEN
_mSAW
_h670
999 _c53287
_d53287